000 00495nam a2200169 4500
001 145166
003 ES-MaACL
005 20231228210626.0
007 t|
008 070214s1945 sp r ||||1| spa d
100 1 _aSopeña Ibáñez, Federico,
_d1917-1991
_9107321
245 1 0 _aEnsayos musicales /
_cFederico Sopeña Ibáñez.
260 _aMadrid :
_bEd. Nacional,
_c1945 (
_fGráf. Ulloa)
300 _a208 p. ;
_c16 cm.
852 _aES-MaACL
_jE-2263
_bR.23216
999 _c145166
_d145166